Top des meilleurs films d'animation Disney - Statistiques

Statistiques générales
  • Ce quiz a été pris 509 fois
  • Le résultat moyen est 11 sur 15
Statistiques - réponses
Hint Réponse % Correct
1 Dates de sortie (1994) indice : le roi de la savane Le Roi Lion
99%
15 Dates de sortie (1937) indice : Grincheux & simplet Blanche-Neige et les Sept Nains
89%
14 Dates de sortie (1997) indice : Dieu grec Hercule
83%
8 Dates de sortie (1973) indice : vole aux riches pour donner aux pauvres Robin des Bois
83%
2 Dates de sortie (1992) indice : Abu & Iago Aladdin
79%
5 Dates de sortie (1991) indice : Emma Watson La Belle et la Bête
76%
9 Dates de sortie (1999) indice : Homme singe Tarzan
76%
4 Dates de sortie (1967) indice : vie avec les loups Le Livre de la jungle
74%
10 Dates de sortie (1953) indice : À la file indienne Peter Pan
73%
6 Dates de sortie (1970) indice : l'inverse de chien Les Aristochats
71%
11 Dates de sortie (2010) indice : Pascal & Maximus Raiponce
69%
13 Dates de sortie(1995) indice : John Smith Pocahontas
68%
3 Dates de sortie (1998) indice : sauve son pays Mulan
67%
12 Dates de sortie (1963) indice : Roi Arthur Merlin l'Enchanteur
64%
7 Dates de sortie (1951) indice : joyeux non anniversaire Alice au pays des merveilles
59%
Aucun quiz correspondant
Distribution des résultats
% des personnes avec chaque résultat
Percentile par nombre de réponses
Votre historique - résultats
Vous n’avez pas pris ce quiz